00387nam a2200157Ia 4500008004100000020002100041041000800062082001200070100002500082260004300107245001800150245002300168250000600191300000800197650002400205220805s9999 xx 000 0 und d a978-47858-0300-2 aeng a747.797 aTr. Streeby, Richard bShotenkenchiku sha co. ltd Tokyoc2005 aAsian Dinings bshop design series a1 a156 aInterior Decoration